000
00212nam a22000857a 4500
008
161104b xxu||||| |||| 00| 0 eng d
100
_9
1031
_a
Jain. g
245
_a
World Famous Leaders
260
_a
New Delhi
_b
Maanu
_c
2012
999
_c
3688
_d
3688